000 00936cam a22002533a 4500
001 15134
003 PGUSA
005 20140828083326.0
008 050221s2005||||xxu|||||s|||||000 | eng d
040 _aPGUSA
_beng
042 _adc
050 4 _aHV
100 1 _aWood, William Charles Henry,
_d1864-1947
245 1 0 _aSupplement to Animal Sanctuaries in Labrador :
_bSupplement to an Address Presented by Lt.-Colonel William Wood, F.R.S.C. Before the Second Annual Meeting of the Commission of Conservation in January, 1911
_h[electronic resource] /
_cWilliam Charles Henry Wood
260 _bProject Gutenberg,
_c2005
506 _aPublic domain in the USA.
516 _aElectronic text
653 _aLabrador (N.L.) -- Economic conditions
653 _aAnimal welfare
653 _aCanada. Commission of Conservation
830 0 _aProject Gutenberg
_v15134
856 4 0 _uhttp://www.gutenberg.org/ebooks/15134
942 _cEB
999 _c244389
_d244389